NBA Quiz - Easy - Statistics

General Stats
  • This quiz has been taken 105 times
  • The average score is 12 of 15
Answer Stats
Hint Answer % Correct
debatable goat, #1 on all time scoring list Lebron James
99%
the real goat, 6 rings Michael Jordan
99%
all time leader in threes Stephen Curry
99%
Serbian who is MVP basically every season Nikola Jokic
98%
slovenian who is a scoring machine Luka Doncic
90%
500 feet tall spurs player Victor Wembanyama
89%
famous 7 foot 6 drafted from shanghai Yao Ming
89%
team that won over 70 games in a season Warriors
84%
famous NBA players son, drafted to his dadsteam Bronny James
82%
team that three-peated in 2002 Lakers
77%
really good 2000s player, nickname Tmac Tracy McGrady
75%
player that came to the cavaliers andimmediately became all nba Donovan Mitchell
64%
near 7 foot point guard who fell off Ben Simmons
52%
player from georgia who is projected to beatlebron's record by 2k Anthony Edwards
48%
won a title with the rockets, NBA on TNTcommentator Kenny Smith
45%
No matching quizzes found
Score Distribution
Percent of People with Each Score
Percentile by Number Answered
Your Score History
You have not taken this quiz